Catálogo
 En Linea

Los bosques de holguín. (Registro nro. 44612)

Detalles MARC
000 -CABECERA
campo de control de longitud fija 00301nam a2200109 a 4500
005 - FECHA Y HORA DE LA ÚLTIMA TRANSACCIÓN
campo de control 20201002045910.0
008 - DATOS DE LONGITUD FIJA--INFORMACIÓN GENERAL
campo de control de longitud fija 150204s1986 000 spa d
040 ## - FUENTE DE LA CATALOGACIÓN
Centro catalogador/agencia de origen DO-SdBNP
100 ## - ENTRADA PRINCIPAL--NOMBRE DE PERSONA
Nombre de persona Holguín-Veras, Oscar
9 (RLIN) 73142
245 #4 - MENCIÓN DE TÍTULO
Título Los bosques de holguín.
260 ## - PUBLICACIÓN, DISTRIBUCIÓN, ETC.
Lugar de publicación, distribución, etc. Santo Domingo : Alfa & Omega,
Fecha de publicación, distribución, etc. 1986.

No hay ítems disponibles.

Con tecnología Koha